Normal view
MARC view
Entry Personal Name
001 - CONTROL NUMBER
- control field: 2990
003 - CONTROL NUMBER IDENTIFIER
- control field: OSt
005 - DATE AND TIME OF LATEST TRANSACTION
- control field: 20220427113422.0
008 - FIXED-LENGTH DATA ELEMENTS
- fixed length control field: 220427|| aca||aabn | a|a d
040 ## - CATALOGING SOURCE
- Original cataloging agency: OSt
- Transcribing agency: OSt
100 ## - HEADING--PERSONAL NAME
- Personal name: Babják, Juraj,
- Dates associated with a name: 1981-
670 ## - SOURCE DATA FOUND
- Source citation: Work cat.: (OSt)0: Babják, Juraj, 1981- aut, Bolesť v kameni ukrytá, 2016